All Coroika Characters - Statistics

General Stats
  • This quiz has been taken 232 times
  • The average score is 39 of 84
Answer Stats
% Correct
Aloha
98%
Goggles
98%
Rider
97%
Bobble Hat
96%
Specs / Glasses
96%
Headphones
95%
Mask
95%
Skull
95%
Army
93%
Emperor
89%
Prince / Prinz
89%
Vintage
87%
Gloves
83%
N-Pacer
83%
Omega
80%
Double Egg / Eggshades
79%
Bamboo
77%
Squidkid Jr. / Eging Jr.
76%
Hachi / Eight
74%
Red Sole / Cuff
74%
Snorkel / Scuba / Diver
74%
Aviators
73%
Stealth
72%
Designer
69%
Nana / Seven
68%
Half-Rims
66%
Forge
64%
Afro / Burns
63%
Straw
63%
Octoglasses
61%
Hivemind
60%
W-Sailor / White
60%
Pony / Ponytail
59%
B-Sailor / Blue
58%
Blazer / Uniform
54%
Fierce
54%
Moon/Luna
54%
Laceless
52%
Clip-Ons
50%
Inkfall
50%
School Asymmetry
50%
Paisley
48%
Straps
46%
Justice
43%
Jet
40%
Backwards
39%
Jersey
39%
School Short
39%
School Long
37%
Jungle Hat / Safari
36%
School Bun / Dango
36%
Stitch / Squid Stitch
32%
Beanie
25%
Bike Helmet
23%
Vader / Jelly Vader
22%
Headband
21%
Hockey
20%
Stripe
20%
Arrow
19%
Cleats
19%
Knit Hat
19%
Skate Helmet
18%
Iromaki Red
17%
Iromaki Green
16%
Shrimp
16%
Tennis Headband
16%
Iromaki Purple
15%
Choco Facemask
14%
Clams Facemask
14%
Iromaki Yellow
14%
Robe
14%
Squinja
14%
B-Ball Headband
13%
Jogging Headband
11%
Piranha Facemask
11%
Punk Facemask
11%
Power Armor
10%
Squash Headband
10%
Striped Beanie
10%
Buzzcut Towel
7%
Hipster Towel
7%
Vader Cap
7%
Topknot Towel
5%
Slick Towel
4%
No matching quizzes found
Score Distribution
Percent of People with Each Score
Percentile by Number Answered
Your Score History
You have not taken this quiz